| 000 | 005290000a22001930004500 | ||
|---|---|---|---|
| 003 | LK-CoMWRAF | ||
| 005 | 20230918123122.0 | ||
| 008 | 230817t1977 ||||| |||| 00| 0 eng d | ||
| 040 |
_aLK-CoMWRAF _dLK-CoMWRAF _eLK-CoMWRAF |
||
| 041 | _aeng | ||
| 082 |
_a206.509 _bIDR |
||
| 100 | _aIdris, Gaafar Sheikh | ||
| 245 | _aThe Pillars of faith | ||
| 260 |
_aIndiana : _bIslamic Teaching Centre, _c1977 |
||
| 300 | _a25p | ||
| 650 | _aReligion -- Biblical Meditations -- General | ||
| 650 | _aSelf-Help -- Spiritual | ||
| 942 | _cBK | ||
| 999 |
_c1882 _d1882 |
||